• 首页
  • 本馆介绍
  • 公告通知
  • 最新文献
  • 馆藏检索
  • 电子资源
  • 读者导购
  • 参考咨询
  • 我的图书馆
  • 登录
  • 详细信息显示
  • 放入我的书架
  • 预约/预借图书
  • 作者相关作品
  • 分类相关作品
  • 丛书相关作品
  • 出版社相关作品

书目信息

  • 表格格式
  • 工作单格式
  • 卡片格式
题名:
新加坡通俗史
    
 
作者: 皮尔逊 著 ;福建师范大学外语系翻译小组 译
分册:  
出版信息: 福州   福建人民出版社  1974
页数: 178页
开本: 20cm
丛书名:
单 册:
中图分类: K339.0
科图分类:
主题词: 历史--新加坡
电子资源:
ISBN: 11173.4
000 00775nam0 2200253 450
001 0105514261
005 20051028145516.0
010    @a11173.4@dCNY0.64
091    @a11173.4
100    @a19960117d1974 em y0chiy0110 ea
101 1  @achi@ceng
102    @aCN@b350000
105    @af z 000yy
106    @ar
200 1  @a新加坡通俗史@9Xin Jia Po Tong Su Shi @f(英)F.皮尔逊著@g福建师范大学外语系翻译小组译@b专著
210    @a福州@c福建人民出版社@d1974
215    @a178页@c插图@d20cm
606 0  @a历史@y新加坡
690    @aK339.0@v3
701  1 @a皮尔逊@9pi er xun@bF.@4著
712 02 @a福建师范大学外语系翻译小组@9fu jian shi fan da xue wai yu ji fan yi xiao zu@4译
801  0 @aCN@b广东省中山图书馆
801  2 @aCN@bAiZhiMarc
905    @aBZT@dK339.0@e3@f1@sK339.0/3
    
    新加坡通俗史/(英)F.皮尔逊著/福建师范大学外语系翻译小组译.-福州:福建人民出版社,1974
    178页:插图;20cm
    
    
    ISBN 11173.4:CNY0.64
    
●
相关链接 在五车中查询图书 在当当中查询图书 在豆瓣中查询图书


正题名:新加坡通俗史     索取号:K339.0/3         预约/预借

序号 登录号 条形码 馆藏地/架位号 状态 备注
1 2000136895   2000136895   旧书回溯/ [索取号:K339.0/3] 在馆    
山东省滨州职业学院图书馆 欢迎您!
大连网信软件有限公司© 版权所有